[Event "Almansa 2013 - Torneo A"]
[Site "Almansa ESP"]
[Date "2013.08.08"]
[Round "4.5"]
[White "Gavilan Diaz, Mario"]
[Black "Carrascoso Morales, Abel"]
[Result "0-1"]
[WhiteElo "2225"]
[BlackElo "2288"]
[PlyCount "112"]
[EventDate "2013.08.06"]
[EventType "swiss"]
[EventRounds "9"]
[EventCountry "ESP"]
[Source "lmi"]
[SourceDate "2013.08.06"]

1. e4 c5 2. Nf3 d6 3. d4 cxd4 4. Nxd4 Nf6 5. Nc3 g6 6. Be3 Bg7 7. f3 Nc6 8. Qd2
O-O 9. O-O-O d5 10. Kb1 Rb8 11. Ndb5 a6 12. Na7 e6 13. f4 Qc7 14. e5 Nd7 15.
Na4 b5 16. Qc3 Bb7 17. Nxc6 Bxc6 18. Nc5 Nxc5 19. Bxc5 Rfc8 20. Qd2 Rb7 21. Bd6
Qb6 22. h4 Rd7 23. h5 Rxd6 24. exd6 Bd7 25. g4 Qxd6 26. Bd3 e5 27. hxg6 hxg6
28. Be4 Bxg4 29. Bxd5 Qf6 30. Rde1 exf4 31. c3 Bf5+ 32. Be4 Re8 33. Bxf5 Qxf5+
34. Ka1 Rxe1+ 35. Rxe1 g5 36. Re8+ Kh7 37. Rd8 Qh3 38. a3 Qf1+ 39. Ka2 Qc4+ 40.
Ka1 Qe4 41. Rd5 f6 42. Rd7 f3 43. Qh2+ Kg6 44. Rd2 Qe1+ 45. Ka2 Qe5 46. Qf2 g4
47. Rd4 f5 48. Rd2 Bf6 49. Ka1 Qf4 50. Rd3 g3 51. Qxf3 Qxf3 52. Rxf3 Be5 53.
Rf1 f4 54. Kb1 g2 55. Rg1 f3 56. Kc2 Bh2 0-1

[Event "Almansa 2013 - Torneo A"]
[Site "Almansa ESP"]
[Date "2013.08.08"]
[Round "4.6"]
[White "Riquelme Valero, Manuel Damian"]
[Black "Sanchez Jerez, Emilio Miguel"]
[Result "0-1"]
[WhiteElo "2119"]
[BlackElo "2238"]
[PlyCount "72"]
[EventDate "2013.08.06"]
[EventType "swiss"]
[EventRounds "9"]
[EventCountry "ESP"]
[Source "lmi"]
[SourceDate "2013.08.06"]

1. d4 d6 2. Nf3 Nf6 3. c4 g6 4. Nc3 Bf5 5. d5 Bg7 6. Nd4 Bd7 7. e4 O-O 8. Be2
c5 9. Nc2 e6 10. O-O exd5 11. exd5 Na6 12. Bf4 Ne8 13. Qd2 f5 14. a3 Bf6 15.
Bh6 Rf7 16. f4 Bh8 17. Bf3 Qb6 18. Rab1 Qb3 19. Be2 Nf6 20. Bg5 Re8 21. Rfe1
Ne4 22. Nxe4 fxe4 23. f5 Bxf5 24. Be3 h5 25. Kh1 Nb8 26. Na1 Qa4 27. b4 Qd7 28.
bxc5 dxc5 29. Rb5 b6 30. a4 Qd6 31. a5 Nd7 32. Nb3 Be5 33. Qa2 Bxh2 34. axb6
axb6 35. Rf1 Bg3 36. Qa6 Qe7 0-1

[Event "Almansa 2013 - Torneo A"]
[Site "Almansa ESP"]
[Date "2013.08.08"]
[Round "5.1"]
[White "Sos Andreu, Eric"]
[Black "Cano Gimenez, Vicente"]
[Result "0-1"]
[WhiteElo "2229"]
[BlackElo "2225"]
[PlyCount "116"]
[EventDate "2013.08.06"]
[EventType "swiss"]
[EventRounds "9"]
[EventCountry "ESP"]
[Source "lmi"]
[SourceDate "2013.08.06"]

1. Nf3 Nf6 2. c4 c5 3. Nc3 Nc6 4. g3 g6 5. Bg2 Bg7 6. O-O O-O 7. d4 cxd4 8.
Nxd4 Nxd4 9. Qxd4 d6 10. Qd3 Nd7 11. b3 Nc5 12. Qd2 a5 13. Bb2 Be6 14. Rad1 Qb6
15. Nd5 Bxd5 16. Bxd5 Bxb2 17. Qxb2 Qb4 18. Qd2 Qxd2 19. Rxd2 Rab8 20. Rb1 b5
21. cxb5 Rxb5 22. Rc1 Rb4 23. Rc4 Rfb8 24. Rdc2 e6 25. Bf3 Rxc4 26. Rxc4 Rb4
27. Rxb4 axb4 28. Kf1 d5 29. Ke1 Kf8 30. Kd2 Ke7 31. Kc2 Kd6 32. Kb2 Na6 33. e3
Kc5 34. Be2 Nb8 35. Kc2 Nc6 36. f4 d4 37. Kd3 dxe3 38. Kxe3 Nd4 39. Bd3 Nf5+
40. Ke4 f6 41. g4 Nd6+ 42. Ke3 Kd5 43. Be2 h6 44. h4 g5 45. Bf3+ Kc5 46. fxg5
fxg5 47. hxg5 hxg5 48. Be2 Kd5 49. Bf3+ Kc5 50. Be2 Kd5 51. Bf3+ Ke5 52. Be2
Nc8 53. Kd3 Nb6 54. Bd1 Kf4 55. Kd4 Nd5 56. Bc2 Kxg4 57. Be4 Kf4 58. Bh1 g4 0-1

[Event "Almansa 2013 - Torneo A"]
[Site "Almansa ESP"]
[Date "2013.08.08"]
[Round "5.2"]
[White "Naranjo Moreno, Antonio"]
[Black "Claros Egea, Christian"]
[Result "1/2-1/2"]
[WhiteElo "2293"]
[BlackElo "2229"]
[PlyCount "76"]
[EventDate "2013.08.06"]
[EventType "swiss"]
[EventRounds "9"]
[EventCountry "ESP"]
[Source "lmi"]
[SourceDate "2013.08.06"]

1. e4 e5 2. Nf3 Nc6 3. Bc4 Nf6 4. d3 Bc5 5. O-O d6 6. h3 h6 7. Nc3 O-O 8. Be3
Bb6 9. Bxb6 axb6 10. Nd5 Nxd5 11. Bxd5 Be6 12. Bb3 Bxb3 13. axb3 Rxa1 14. Qxa1
f5 15. Qa4 fxe4 16. Qxe4 Qf6 17. c3 Qf4 18. Qxf4 Rxf4 19. Ra1 b5 20. Ra8+ Rf8
21. Rxf8+ Kxf8 22. Kf1 Ke7 23. Ke2 Ke6 24. Ke3 Na5 25. b4 Nc6 26. g3 Ne7 27.
Ne1 c6 28. Ng2 b6 29. f4 Nd5+ 30. Kf3 exf4 31. Nxf4+ Nxf4 32. Kxf4 Kf6 33. b3
d5 34. c4 g6 35. cxb5 cxb5 36. d4 g5+ 37. Kf3 Kf5 38. g4+ Kg6 1/2-1/2

[Event "Almansa 2013 - Torneo A"]
[Site "Almansa ESP"]
[Date "2013.08.08"]
[Round "5.3"]
[White "Carrascoso Morales, Abel"]
[Black "Romero Berruezo, Francisco"]
[Result "0-1"]
[WhiteElo "2288"]
[BlackElo "2154"]
[PlyCount "106"]
[EventDate "2013.08.06"]
[EventType "swiss"]
[EventRounds "9"]
[EventCountry "ESP"]
[Source "lmi"]
[SourceDate "2013.08.06"]

1. e4 c5 2. Nf3 a6 3. g3 e6 4. Bg2 d6 5. O-O Nc6 6. Re1 Be7 7. Nc3 Bd7 8. d4
cxd4 9. Nxd4 Qc7 10. h3 Nf6 11. Nb3 O-O 12. g4 b5 13. g5 Ne8 14. Qh5 b4 15. Ne2
a5 16. Be3 a4 17. Nbd4 Ra5 18. f4 Nxd4 19. Nxd4 Bc8 20. f5 exf5 21. exf5 Bxf5
22. Nc6 Rb5 23. Qe2 Re5 24. Qf2 Be6 25. Bb6 Rxe1+ 26. Rxe1 Qd7 27. h4 b3 28.
cxb3 axb3 29. a4 Nc7 30. a5 Re8 31. Qd4 Bf8 32. Nb4 Nb5 33. Qe3 Rc8 34. Rc1
Rxc1+ 35. Qxc1 d5 36. Nc6 Nd6 37. Ne5 Qa4 38. Qe1 Nc4 39. g6 hxg6 40. Nxg6 Nxb6
41. Nxf8 Qd4+ 42. Qf2 Qxf2+ 43. Kxf2 Nc8 44. Nxe6 fxe6 45. Bh3 Kf7 46. Ke3 Na7
47. Bg4 Ke7 48. Kd2 Kd6 49. Kc3 Nc6 50. a6 e5 51. Kxb3 Kc5 52. Kc3 e4 53. b4+
Kb6 0-1

[Event "Almansa 2013 - Torneo A"]
[Site "Almansa ESP"]
[Date "2013.08.08"]
[Round "5.4"]
[White "Castilla Leon Salas, Carlos"]
[Black "Jimenez Martinez, Jose Vicente"]
[Result "1/2-1/2"]
[WhiteElo "2132"]
[BlackElo "2238"]
[PlyCount "49"]
[EventDate "2013.08.06"]
[EventType "swiss"]
[EventRounds "9"]
[EventCountry "ESP"]
[Source "lmi"]
[SourceDate "2013.08.06"]

1. d4 g6 2. c4 Bg7 3. Nc3 d6 4. e4 Nf6 5. Nf3 O-O 6. h3 c5 7. d5 e6 8. Bd3 exd5
9. exd5 Re8+ 10. Be3 a6 11. O-O Nbd7 12. Qd2 Ne5 13. Nxe5 Rxe5 14. Bf4 Re8 15.
Rae1 b6 16. Rxe8+ Nxe8 17. Re1 Ra7 18. Re2 Re7 19. Rxe7 Qxe7 20. Qe3 Qxe3 21.
Bxe3 Bd7 22. Bd2 Kf8 23. g4 Ke7 24. Kg2 Nc7 25. Kg3 1/2-1/2

[Event "Almansa 2013 - Torneo A"]
[Site "Almansa ESP"]
[Date "2013.08.08"]
[Round "5.5"]
[White "Sanchez Jerez, Emilio Miguel"]
[Black "Vilanova Corbi, Jorge"]
[Result "1-0"]
[WhiteElo "2238"]
[BlackElo "2132"]
[PlyCount "69"]
[EventDate "2013.08.06"]
[EventType "swiss"]
[EventRounds "9"]
[EventCountry "ESP"]
[Source "lmi"]
[SourceDate "2013.08.06"]

1. e4 e6 2. d4 d5 3. Nc3 Bb4 4. Qg4 Nf6 5. Qxg7 Rg8 6. Qh6 Rg6 7. Qe3 c5 8. a3
Bxc3+ 9. bxc3 dxe4 10. Ne2 Nc6 11. dxc5 e5 12. Ng3 Be6 13. Bb2 Qa5 14. O-O-O
Nd5 15. Qe1 Qxc5 16. Nxe4 Qa5 17. Nd6+ Ke7 18. Bd3 Rg4 19. Nf5+ Kf8 20. Ne3 Rg7
21. Nxd5 Bxd5 22. f3 Qc5 23. Be4 Bxe4 24. Qxe4 Qe7 25. g4 Rd8 26. Rxd8+ Qxd8
27. h4 f6 28. Qf5 Rf7 29. Rd1 Qb6 30. Kb1 Qc7 31. Bc1 Ke8 32. Qe6+ Ne7 33. Be3
Qc6 34. Rd6 Qxf3 35. Qd7+ 1-0

[Event "Almansa 2013 - Torneo A"]
[Site "Almansa ESP"]
[Date "2013.08.08"]
[Round "5.6"]
[White "Sanchez Barbado, Carlos"]
[Black "Remolar Gallen, Jose"]
[Result "0-1"]
[WhiteElo "2166"]
[BlackElo "2209"]
[PlyCount "100"]
[EventDate "2013.08.06"]
[EventType "swiss"]
[EventRounds "9"]
[EventCountry "ESP"]
[Source "lmi"]
[SourceDate "2013.08.06"]

1. e4 c5 2. Nc3 Nc6 3. g3 g6 4. Bg2 Bg7 5. d3 d6 6. Be3 Nf6 7. h3 O-O 8. Qd2
Nd4 9. Nce2 Ne8 10. c3 Nc6 11. Bh6 Rb8 12. Nf3 b5 13. Bxg7 Kxg7 14. O-O Nf6 15.
Qe3 b4 16. Rfd1 Ba6 17. Bf1 Qa5 18. c4 e5 19. g4 Bc8 20. Ng3 Qd8 21. Be2 Ne8
22. Kh2 Nc7 23. Rg1 Kh8 24. Bd1 Ne6 25. Ne2 Ncd4 26. Nfxd4 cxd4 27. Qh6 Qf6 28.
Rf1 Bd7 29. Bc2 a5 30. f4 Qg7 31. Qxg7+ Kxg7 32. f5 Nc5 33. Rf3 a4 34. Bd1 h5
35. Ng1 hxg4 36. hxg4 gxf5 37. gxf5 Kf6 38. Be2 a3 39. b3 Rh8+ 40. Rh3 Bc6 41.
Rd1 Kg5 42. Rxh8 Rxh8+ 43. Nh3+ Rxh3+ 44. Kxh3 Kf4 45. Kh4 Ke3 46. Bf1 Nxb3 47.
axb3 Ba4 48. Rb1 Bxb3 49. Rxb3 a2 50. Rxb4 a1=Q 0-1

[Event "Almansa 2013 - Torneo A"]
[Site "Almansa ESP"]
[Date "2013.08.09"]
[Round "6.1"]
[White "Claros Egea, Christian"]
[Black "Cano Gimenez, Vicente"]
[Result "1/2-1/2"]
[WhiteElo "2229"]
[BlackElo "2225"]
[PlyCount "53"]
[EventDate "2013.08.06"]
[EventType "swiss"]
[EventRounds "9"]
[EventCountry "ESP"]
[Source "lmi"]
[SourceDate "2013.08.06"]

1. e4 c5 2. Nf3 Nc6 3. d4 cxd4 4. Nxd4 g6 5. Nc3 Bg7 6. Be3 Nf6 7. Bc4 Qa5 8.
O-O O-O 9. Bb3 d6 10. h3 Qh5 11. Qxh5 Nxh5 12. Rad1 Bd7 13. Nd5 Nf6 14. Rfe1
Nxd5 15. Nxc6 bxc6 16. exd5 Rfe8 17. Ba4 Rac8 18. Bxa7 Ra8 19. dxc6 Be6 20. c7
Rec8 21. Rxe6 fxe6 22. Bb3 Rxc7 23. Bb6 Rc6 24. Bxe6+ Kf8 25. Bd5 Rxb6 26. Bxa8
Rxb2 27. Be4 1/2-1/2

[Event "Almansa 2013 - Torneo A"]
[Site "Almansa ESP"]
[Date "2013.08.09"]
[Round "6.2"]
[White "Romero Berruezo, Francisco"]
[Black "Naranjo Moreno, Antonio"]
[Result "1/2-1/2"]
[WhiteElo "2154"]
[BlackElo "2293"]
[PlyCount "58"]
[EventDate "2013.08.06"]
[EventType "swiss"]
[EventRounds "9"]
[EventCountry "ESP"]
[Source "lmi"]
[SourceDate "2013.08.06"]

1. c4 Nf6 2. Nc3 g6 3. e4 d6 4. d4 Bg7 5. h3 O-O 6. Be3 e5 7. d5 Na6 8. Nf3 Nc5
9. Nd2 a5 10. Be2 b6 11. g4 Ne8 12. h4 f5 13. gxf5 gxf5 14. h5 f4 15. Bxc5 dxc5
16. h6 Bf6 17. Bg4 Kh8 18. Bxc8 Qxc8 19. Qf3 Nd6 20. O-O-O Qd7 21. a4 Rg8 22.
Rdg1 Rxg1+ 23. Rxg1 Rg8 24. Rxg8+ Kxg8 25. Qg2+ Kf8 26. b3 Nf7 27. Nf3 Nxh6 28.
Nb5 Nf7 29. Qh1 Kg7 1/2-1/2

[Event "Almansa 2013 - Torneo A"]
[Site "Almansa ESP"]
[Date "2013.08.09"]
[Round "6.3"]
[White "Remolar Gallen, Jose"]
[Black "Sanchez Jerez, Emilio Miguel"]
[Result "1/2-1/2"]
[WhiteElo "2209"]
[BlackElo "2238"]
[PlyCount "120"]
[EventDate "2013.08.06"]
[EventType "swiss"]
[EventRounds "9"]
[EventCountry "ESP"]
[Source "lmi"]
[SourceDate "2013.08.06"]

1. e4 c5 2. c3 Nf6 3. e5 Nd5 4. d4 e6 5. Nf3 cxd4 6. Bc4 Nc6 7. O-O d6 8. exd6
Bxd6 9. cxd4 O-O 10. Nc3 Nxc3 11. bxc3 e5 12. dxe5 Nxe5 13. Nxe5 Bxe5 14. Qxd8
Rxd8 15. Bg5 Rf8 16. Rac1 h6 17. Be3 Rd8 18. Rfd1 Be6 19. Bxe6 fxe6 20. c4 Kf7
21. Re1 Bd4 22. c5 e5 23. g3 Rac8 24. Rb1 Rd7 25. Rec1 Ke6 26. Rb3 Kd5 27. Rcb1
Rcc7 28. Kg2 Kxc5 29. Kf3 Kd5 30. Rb5+ Ke6 31. R1b4 a6 32. Ra5 Rc6 33. Ra3 b5
34. Bxd4 exd4 35. Ke4 Rc4 36. Rxa6+ Kf7 37. Rb2 d3+ 38. Ke3 Rc1 39. Rd2 Re1+
40. Kf3 b4 41. Ra4 Rb1 42. Ke3 Re1+ 43. Kf3 Rb1 44. a3 b3 45. Rb4 b2 46. a4 Rd6
47. a5 g5 48. Rb6 Rd5 49. a6 Rf5+ 50. Ke4 Rf6 51. Rxf6+ Kxf6 52. Kxd3 Ra1 53.
Rxb2 Rxa6 54. Ke2 g4 55. Kf1 h5 56. Rb4 Ra5 57. Kg2 Kg5 58. Rf4 h4 59. h3 gxh3+
60. Kxh3 hxg3 1/2-1/2

[Event "Almansa 2013 - Torneo A"]
[Site "Almansa ESP"]
[Date "2013.08.09"]
[Round "6.4"]
[White "Lopez Mulet, Inigo"]
[Black "Sos Andreu, Eric"]
[Result "1-0"]
[WhiteElo "2120"]
[BlackElo "2229"]
[PlyCount "83"]
[EventDate "2013.08.06"]
[EventType "swiss"]
[EventRounds "9"]
[EventCountry "ESP"]
[Source "lmi"]
[SourceDate "2013.08.06"]

1. d4 Nf6 2. c4 g6 3. f3 d5 4. cxd5 Nxd5 5. e4 Nb6 6. Nc3 Bg7 7. Be3 O-O 8. Qd2
Nc6 9. O-O-O f5 10. e5 Nb4 11. Nh3 Be6 12. Kb1 Qd7 13. Ng5 Rfd8 14. h4 N4d5 15.
Nxe6 Qxe6 16. Nxd5 Rxd5 17. f4 c5 18. Be2 Rad8 19. Qc3 cxd4 20. Bxd4 Qc6 21.
Bf3 Qa4 22. Bxd5+ Nxd5 23. Qf3 Nb4 24. Qb3+ Qxb3 25. axb3 Nd5 26. Bxa7 e6 27.
g3 b6 28. Bxb6 Rb8 29. Rxd5 exd5 30. Bd4 Rxb3 31. Bc3 Kf7 32. Kc2 Rb7 33. Ra1
Bf8 34. Ra5 Ke6 35. Ra6+ Kd7 36. Rf6 Bc5 37. h5 gxh5 38. Rxf5 Kc6 39. Rxh5 d4
40. Bd2 Kd5 41. e6+ Kc4 42. b3+ 1-0

[Event "Almansa 2013 - Torneo A"]
[Site "Almansa ESP"]
[Date "2013.08.09"]
[Round "6.5"]
[White "Jimenez Martinez, Jose Vicente"]
[Black "Villasenor Rubio, Emilio Jose"]
[Result "1/2-1/2"]
[WhiteElo "2238"]
[BlackElo "2260"]
[PlyCount "33"]
[EventDate "2013.08.06"]
[EventType "swiss"]
[EventRounds "9"]
[EventCountry "ESP"]
[Source "lmi"]
[SourceDate "2013.08.06"]

1. d4 Nf6 2. c4 g6 3. Nc3 Bg7 4. Nf3 O-O 5. g3 d6 6. Bg2 Nbd7 7. O-O e5 8. dxe5
dxe5 9. e4 c6 10. h3 Qe7 11. b3 Nc5 12. Ba3 Nfd7 13. Qe2 Re8 14. Na4 b6 15.
Rad1 Nf8 16. Nxc5 bxc5 17. Qd2 1/2-1/2

[Event "Almansa 2013 - Torneo A"]
[Site "Almansa ESP"]
[Date "2013.08.09"]
[Round "6.6"]
[White "Gavilan Diaz, Mario"]
[Black "Arias Igual, Alejandro"]
[Result "1/2-1/2"]
[WhiteElo "2225"]
[BlackElo "2155"]
[PlyCount "120"]
[EventDate "2013.08.06"]
[EventType "swiss"]
[EventRounds "9"]
[EventCountry "ESP"]
[Source "lmi"]
[SourceDate "2013.08.06"]

1. e4 c5 2. Nf3 Nc6 3. d4 cxd4 4. Nxd4 g6 5. Nc3 Bg7 6. Be3 Nf6 7. Bc4 Qa5 8.
O-O O-O 9. Nb3 Qc7 10. Bg5 e6 11. Be2 d5 12. exd5 Nxd5 13. Nxd5 exd5 14. c3 Be6
15. Qd2 Rfe8 16. Rfd1 Bf5 17. Bf1 Bg4 18. Re1 Qd6 19. f3 Be6 20. Red1 a6 21.
Kh1 Ne5 22. Qf2 Rac8 23. Rd2 b5 24. Bf4 Qe7 25. Re1 Nc4 26. Bxc4 Rxc4 27. Qg3
Bf6 28. Bh6 Bh4 29. Qe5 f6 30. Qxe6+ Qxe6 31. Rxe6 Rxe6 32. g3 Bg5 33. Bxg5
fxg5 34. Kg2 Kf7 35. Kf2 Re5 36. a3 Ke7 37. Rd3 Kd6 38. Na1 Rc7 39. Nc2 Rce7
40. Rd2 h5 41. Nd4 Re8 42. Nc2 h4 43. Nd4 Rh8 44. g4 Rhe8 45. Nc2 R8e7 46. h3
Re8 47. Kf1 R8e7 48. Kf2 Ra7 49. Nd4 Ra8 50. Nc2 Rb8 51. Rd4 a5 52. Rd2 Kc5 53.
Rd4 Rbe8 54. Rd2 Kc4 55. Kf1 b4 56. axb4 axb4 57. Nxb4 Re1+ 58. Kf2 Rh1 59. Kg2
Ree1 60. Nxd5 Rhg1+ 1/2-1/2

[Event "Almansa 2013 - Torneo A"]
[Site "Almansa ESP"]
[Date "2013.08.09"]
[Round "7.1"]
[White "Cano Gimenez, Vicente"]
[Black "Lopez Mulet, Inigo"]
[Result "1/2-1/2"]
[WhiteElo "2225"]
[BlackElo "2120"]
[PlyCount "54"]
[EventDate "2013.08.06"]
[EventType "swiss"]
[EventRounds "9"]
[EventCountry "ESP"]
[Source "lmi"]
[SourceDate "2013.08.06"]

1. Nf3 Nf6 2. c4 e6 3. g3 d5 4. Bg2 d4 5. b4 Bxb4 6. Qa4+ Nc6 7. Ne5 Rb8 8.
Nxc6 bxc6 9. a3 Be7 10. Qxa7 Rb6 11. Qa4 Bd7 12. Qc2 O-O 13. O-O Qa8 14. d3 Qa5
15. Nd2 Rfb8 16. Nf3 c5 17. a4 Qc3 18. Qa2 Bd6 19. a5 Rb3 20. Bd2 Qb2 21. Ng5
Bc8 22. a6 Bxa6 23. Qa5 R3b6 24. Ra2 Qb3 25. Rc1 Bb7 26. Ra3 Qb2 27. Ra2 Qb3
1/2-1/2

[Event "Almansa 2013 - Torneo A"]
[Site "Almansa ESP"]
[Date "2013.08.09"]
[Round "7.2"]
[White "Sanchez Jerez, Emilio Miguel"]
[Black "Romero Berruezo, Francisco"]
[Result "1-0"]
[WhiteElo "2238"]
[BlackElo "2154"]
[PlyCount "119"]
[EventDate "2013.08.06"]
[EventType "swiss"]
[EventRounds "9"]
[EventCountry "ESP"]
[Source "lmi"]
[SourceDate "2013.08.06"]

1. e4 c5 2. Nc3 e6 3. Nf3 a6 4. g3 d6 5. Bg2 Nc6 6. O-O Bd7 7. d4 cxd4 8. Nxd4
Qc7 9. Nb3 Be7 10. f4 Nf6 11. g4 h6 12. Be3 h5 13. g5 Ng4 14. Bd4 Nxd4 15. Qxd4
e5 16. Nd5 Qd8 17. Qd2 exf4 18. Qxf4 Ne5 19. h4 Be6 20. Nd4 Bxd5 21. exd5 g6
22. Rae1 O-O 23. b3 Qd7 24. Re3 Rae8 25. Bh3 Qc7 26. Ne2 Bd8 27. Ng3 Qxc2 28.
Kh1 Qc5 29. Ne4 Qxd5 30. Bg2 Qe6 31. Bh3 Qd5 32. Bg2 Qe6 33. Rg3 Kh7 34. Rd1
Ng4 35. Rxd6 Qe5 36. Qxe5 Rxe5 37. Rgd3 Be7 38. Rd7 b5 39. Bf3 Rc8 40. Kg2 Rc2+
41. Kg3 Kg7 42. Ra7 Nh2 43. Bg2 Re2 44. Nf6 Bxf6 45. gxf6+ Kxf6 46. Kxh2 Rxa2
47. Kg3 g5 48. Bd5 g4 49. Rxf7+ Kg6 50. Rf2 Ra1 51. Bg2 Rc1 52. Rd6+ Kg7 53.
Rd7+ Kg6 54. Rd6+ Kg7 55. Bd5 Rc3+ 56. Kf4 Rce3 57. Rc2 Re7 58. Rcc6 R7e5 59.
Rxa6 g3 60. Rg6+ 1-0

[Event "Almansa 2013 - Torneo A"]
[Site "Almansa ESP"]
[Date "2013.08.09"]
[Round "7.3"]
[White "Remolar Gallen, Jose"]
[Black "Claros Egea, Christian"]
[Result "1/2-1/2"]
[WhiteElo "2209"]
[BlackElo "2229"]
[PlyCount "76"]
[EventDate "2013.08.06"]
[EventType "swiss"]
[EventRounds "9"]
[EventCountry "ESP"]
[Source "lmi"]
[SourceDate "2013.08.06"]

1. c4 e5 2. g3 Nf6 3. Bg2 Nc6 4. Nc3 Bb4 5. Nf3 O-O 6. O-O d6 7. d3 Bxc3 8.
bxc3 e4 9. Ne1 Re8 10. Nc2 h6 11. Ne3 exd3 12. exd3 Ne7 13. Rb1 c6 14. Ba3 Rb8
15. Qa4 Ra8 16. Qb4 d5 17. Rfe1 Nf5 18. cxd5 Nxe3 19. Rxe3 Rxe3 20. fxe3 Nxd5
21. Qd4 Qf6 22. Bxd5 Qxd4 23. Bxf7+ Kxf7 24. cxd4 b6 25. Rf1+ Kg6 26. Rf8 Bb7
27. Rxa8 Bxa8 28. Kf2 Bb7 29. Bd6 Kf7 30. Bb8 a6 31. Bc7 b5 32. a3 Bc8 33. Kf3
Bh3 34. e4 Bf1 35. Ke3 Ke6 36. Ba5 h5 37. Bc7 g6 38. Bd8 Bh3 1/2-1/2

[Event "Almansa 2013 - Torneo A"]
[Site "Almansa ESP"]
[Date "2013.08.09"]
[Round "7.4"]
[White "Naranjo Moreno, Antonio"]
[Black "Carrascoso Morales, Abel"]
[Result "1/2-1/2"]
[WhiteElo "2293"]
[BlackElo "2288"]
[PlyCount "52"]
[EventDate "2013.08.06"]
[EventType "swiss"]
[EventRounds "9"]
[EventCountry "ESP"]
[Source "lmi"]
[SourceDate "2013.08.06"]

1. e4 c5 2. Nf3 d6 3. d4 cxd4 4. Nxd4 Nf6 5. Nc3 g6 6. Be3 Bg7 7. f3 Nc6 8. Qd2
O-O 9. O-O-O d5 10. exd5 Nxd5 11. Nxc6 bxc6 12. Bd4 Nxc3 13. Qxc3 Bh6+ 14. Be3
Bxe3+ 15. Qxe3 Qb6 16. Qxb6 axb6 17. a3 Be6 18. Be2 Rfd8 19. Rxd8+ Rxd8 20. Rd1
Rd6 21. Rxd6 exd6 22. Kd2 Kf8 23. c4 c5 24. Ke3 Ke7 25. Bd3 d5 26. cxd5 Bxd5
1/2-1/2

[Event "Almansa 2013 - Torneo A"]
[Site "Almansa ESP"]
[Date "2013.08.09"]
[Round "7.5"]
[White "Villasenor Rubio, Emilio Jose"]
[Black "Mingarro Carceller, Sergi"]
[Result "1-0"]
[WhiteElo "2260"]
[BlackElo "2195"]
[PlyCount "81"]
[EventDate "2013.08.06"]
[EventType "swiss"]
[EventRounds "9"]
[EventCountry "ESP"]
[Source "lmi"]
[SourceDate "2013.08.06"]

1. e4 e5 2. Nf3 Nc6 3. Bb5 a6 4. Ba4 Nge7 5. O-O g6 6. d4 exd4 7. Nxd4 Bg7 8.
c3 O-O 9. Be3 d6 10. Nd2 h6 11. N2f3 Kh7 12. Re1 f5 13. exf5 Bxf5 14. Nxc6 Nxc6
15. Nd4 Nxd4 16. Bxd4 Bxd4 17. Qxd4 b5 18. Bb3 Qd7 19. Re3 Rae8 20. Rae1 Rxe3
21. Qxe3 Kg7 22. Qe7+ Qxe7 23. Rxe7+ Kf6 24. Rxc7 Re8 25. f4 g5 26. fxg5+ Kxg5
27. Kf2 Bd3 28. Bd1 Rf8+ 29. Bf3 a5 30. Ke3 Bc4 31. b3 Re8+ 32. Kd2 Bf1 33. Ra7
a4 34. bxa4 bxa4 35. Rxa4 Re5 36. Rb4 Ra5 37. a4 Kf6 38. g3 Kg7 39. Bc6 Re5 40.
Bb5 Bg2 41. Rd4 1-0

[Event "Almansa 2013 - Torneo A"]
[Site "Almansa ESP"]
[Date "2013.08.09"]
[Round "7.6"]
[White "Krug Cortegoso, Rodolfo Martin"]
[Black "Jimenez Martinez, Jose Vicente"]
[Result "0-1"]
[WhiteElo "2178"]
[BlackElo "2238"]
[PlyCount "68"]
[EventDate "2013.08.06"]
[EventType "swiss"]
[EventRounds "9"]
[EventCountry "ESP"]
[Source "lmi"]
[SourceDate "2013.08.06"]

1. Nf3 g6 2. c4 Bg7 3. Nc3 d6 4. d4 Nf6 5. e4 O-O 6. h3 e5 7. d5 a5 8. Bg5 Qe8
9. Nd2 Nfd7 10. Be2 Nc5 11. g4 f5 12. gxf5 gxf5 13. Rg1 Kh8 14. Nf1 Bf6 15. Be3
Nba6 16. exf5 Bxf5 17. Ng3 Bg6 18. Qd2 a4 19. f3 b6 20. Nce4 Nxe4 21. fxe4 Nc5
22. Bxc5 bxc5 23. Bg4 Bh4 24. Qh6 Qe7 25. Qe3 Rf4 26. Bf5 Bh5 27. Bg4 Bxg4 28.
hxg4 Raf8 29. Ke2 Qg5 30. Nf5 Bf2 31. Qxf2 Rxf2+ 32. Kxf2 Qf4+ 33. Ke2 Qxe4+
34. Kd2 Qxc4 0-1

[Event "Almansa 2013 - Torneo A"]
[Site "Almansa ESP"]
[Date "2013.08.10"]
[Round "8.1"]
[White "Cano Gimenez, Vicente"]
[Black "Sanchez Jerez, Emilio Miguel"]
[Result "1-0"]
[WhiteElo "2225"]
[BlackElo "2238"]
[PlyCount "95"]
[EventDate "2013.08.06"]
[EventType "swiss"]
[EventRounds "9"]
[EventCountry "ESP"]
[Source "lmi"]
[SourceDate "2013.08.06"]

1. g3 Nf6 2. Bg2 g6 3. c4 Bg7 4. Nf3 O-O 5. Nc3 d6 6. O-O Nc6 7. d3 Nh5 8. e4
f5 9. exf5 Bxf5 10. h3 Nf6 11. Be3 Qd7 12. Ng5 h6 13. g4 hxg5 14. gxf5 Qxf5 15.
Ne4 Nxe4 16. dxe4 Qf7 17. Qd5 e6 18. Qxg5 Bxb2 19. Rab1 Bf6 20. Qg3 Rab8 21. f4
Qg7 22. e5 dxe5 23. Bxc6 bxc6 24. Rxb8 Rxb8 25. fxe5 Bxe5 26. Qg4 Re8 27. Bxa7
Bf6 28. Be3 e5 29. a4 e4 30. Rd1 Kh7 31. a5 c5 32. Rd7 Re7 33. Rd8 c6 34. Rd6
Rf7 35. Bxc5 Be7 36. Bd4 Qh6 37. Re6 Qc1+ 38. Kg2 Bg5 39. Qe2 c5 40. Bxc5 Rd7
41. Rd6 Rf7 42. Re6 Rd7 43. Rd6 Rc7 44. Bd4 Rxc4 45. Rd7+ Kg8 46. Bf2 e3 47.
Qf3 Rf4 48. Qd5+ 1-0

[Event "Almansa 2013 - Torneo A"]
[Site "Almansa ESP"]
[Date "2013.08.10"]
[Round "8.2"]
[White "Lopez Mulet, Inigo"]
[Black "Naranjo Moreno, Antonio"]
[Result "1/2-1/2"]
[WhiteElo "2120"]
[BlackElo "2293"]
[PlyCount "38"]
[EventDate "2013.08.06"]
[EventType "swiss"]
[EventRounds "9"]
[EventCountry "ESP"]
[Source "lmi"]
[SourceDate "2013.08.06"]

1. d4 e6 2. c4 b6 3. Nf3 Bb7 4. g3 Bb4+ 5. Bd2 Bxf3 6. exf3 Bxd2+ 7. Qxd2 Ne7
8. Bg2 d5 9. f4 O-O 10. Nc3 c6 11. b3 Nf5 12. Rd1 Nd7 13. O-O Qf6 14. b4 Nd6
15. c5 Nc4 16. Qe2 b5 17. a4 bxa4 18. b5 Nxc5 19. bxc6 Rae8 1/2-1/2

[Event "Almansa 2013 - Torneo A"]
[Site "Almansa ESP"]
[Date "2013.08.10"]
[Round "8.3"]
[White "Sos Andreu, Eric"]
[Black "Villasenor Rubio, Emilio Jose"]
[Result "1-0"]
[WhiteElo "2229"]
[BlackElo "2260"]
[PlyCount "51"]
[EventDate "2013.08.06"]
[EventType "swiss"]
[EventRounds "9"]
[EventCountry "ESP"]
[Source "lmi"]
[SourceDate "2013.08.06"]

1. d4 Nf6 2. c4 g6 3. Nc3 Bg7 4. e4 d6 5. Nf3 O-O 6. Be2 e5 7. O-O Na6 8. Be3
Ng4 9. Bg5 Qe8 10. dxe5 dxe5 11. h3 h6 12. Bc1 Nf6 13. Be3 c6 14. c5 Qe7 15.
Bxa6 bxa6 16. Qa4 Qb7 17. Nxe5 Qxb2 18. Rfc1 Qb7 19. Rab1 Qc7 20. Nxc6 Bd7 21.
Ne7+ Kh7 22. c6 Bxh3 23. Rb7 Qe5 24. gxh3 Qh5 25. Kg2 Rfe8 26. Ncd5 1-0